| 000 | 00989nam a22002297a 4500 | ||
|---|---|---|---|
| 005 | 2011062709329.0 | ||
| 008 | 110627t xxu||||| |||| 00| 0 mar d | ||
| 010 | _aMAR-21027 | ||
| 020 | _c50.00 | ||
| 035 | _aMR-13685 | ||
| 037 | _bDBAD/PUB | ||
| 040 |
_aDPL _bMR |
||
| 082 | _a891.461 | ||
| 100 |
_928800 _aअनिल बी |
||
| 245 |
_aसांजमग्न कविता / _cबी अनिल |
||
| 246 |
_aSanjmagna Kavita _bby B Anil |
||
| 260 |
_aमुबंई (जि.ठाणे) _bआदिती प्रकाशन _c2011 |
||
| 270 |
_aवर्षा अपार्टमेंट बदलापूर _bमुबंई (जि.ठाणे) _e400025 _k022-2671126 |
||
| 300 |
_a58पृ _b18सेमी(अजिल्द) |
||
| 942 |
_2ddc _cMR _h891.461 _mअनिल |
||
| 999 |
_c53625 _d53625 |
||